Imphal A Flower on Lofty Heights (Record no. 35981)
[ view plain ]
| 000 -LEADER | |
|---|---|
| fixed length control field | 004520000a22001690004500 |
| 003 - CONTROL NUMBER IDENTIFIER | |
| control field | MACL |
| 005 - DATE AND TIME OF LATEST TRANSACTION | |
| control field | 20160803143140.0 |
| 008 - FIXED-LENGTH DATA ELEMENTS--GENERAL INFORMATION | |
| fixed length control field | 160803b xxu||||| |||| 00| 0 eng d |
| 040 ## - CATALOGING SOURCE | |
| Original cataloging agency | MACL |
| Transcribing agency | MACL |
| 041 ## - LANGUAGE CODE | |
| Language code of text/sound track or separate title | English |
| 082 ## - DEWEY DECIMAL CLASSIFICATION NUMBER | |
| Classification number | 954 EVA |
| 100 ## - MAIN ENTRY--PERSONAL NAME | |
| Personal name | Evans, Sir Geoffrey |
| 9 (RLIN) | 29272 |
| 245 ## - TITLE STATEMENT | |
| Title | Imphal A Flower on Lofty Heights |
| Statement of responsibility, etc. | Sir Geoffrey Evans |
| 260 ## - PUBLICATION, DISTRIBUTION, ETC. (IMPRINT) | |
| Name of publisher, distributor, etc. | Machmillan & co |
| Date of publication, distribution, etc. | 1962 |
| Place of publication, distribution, etc. | London |
| 650 ## - SUBJECT ADDED ENTRY--TOPICAL TERM | |
| Topical term or geographic name as entry element | Travel |
| 9 (RLIN) | 66065 |
| 942 ## - ADDED ENTRY ELEMENTS (KOHA) | |
| Koha item type | Books |
| Call number prefix | 954/Eva |
| Source of classification or shelving scheme | |
| Withdrawn status | Lost status | Source of classification or shelving scheme | Damaged status | Not for loan | Home library | Current library | Date acquired | Total Checkouts | Full call number | Barcode | Date last seen | Uniform Resource Identifier | Price effective from | Koha item type |
|---|---|---|---|---|---|---|---|---|---|---|---|---|---|---|
| MACL | MACL | 15/04/2015 | 954/EVA | CLE015097 | 29/04/2015 | 36190 | 15/04/2015 | Books |









